Cửa Khổng

Những nghiên cứu của tác giả về tư tưởng và triết lí của Khổng Tử với một số nội dung chính như: Triết lí chính trị, phương pháp giáo dục và tìm hiểu lịch sử

שמור ב:
מידע ביבליוגרפי
מחבר ראשי: Kim Định
פורמט: ספר
שפה:Undetermined
יצא לאור: H. Hội nhà văn 2017
נושאים:
גישה מקוונת:http://lrc.tdmu.edu.vn/opac/search/detail.asp?aID=2&ID=32131
תגים: הוספת תג
אין תגיות, היה/י הראשונ/ה לתייג את הרשומה!
Thư viện lưu trữ: Trung tâm Học liệu Trường Đại học Thủ Dầu Một
LEADER 00844nam a2200205Ia 4500
001 TDMU_32131
008 210410s9999 xx 000 0 und d
082 |a 361.32 
090 |b K310 
100 |a Kim Định 
245 0 |a Cửa Khổng 
245 0 |c Kim Định 
260 |a H. 
260 |b Hội nhà văn 
260 |c 2017 
300 |a 237tr. 
520 |a Những nghiên cứu của tác giả về tư tưởng và triết lí của Khổng Tử với một số nội dung chính như: Triết lí chính trị, phương pháp giáo dục và tìm hiểu lịch sử 
650 |a Triết học Khổng tử; Đạo Khổng 
856 |u http://lrc.tdmu.edu.vn/opac/search/detail.asp?aID=2&ID=32131 
980 |a Trung tâm Học liệu Trường Đại học Thủ Dầu Một